LEADER 01163cam0-22004571i-450- 001 990003055910403321 005 20120904143715.0 010 $a88-13-17430-6 035 $a000305591 035 $aFED01000305591 035 $a(Aleph)000305591FED01 035 $a000305591 100 $a20030910d1991----km-y0itay50------ba 101 0 $aita 102 $aIT 105 $ay-------001yy 200 1 $aEconomia e politica monetaria$fMario Arcelli 205 $a3. ed. 210 $aPadova$cCedam$d1991 215 $aXVIII, 679 p.$d24 cm 676 $aJ/5 676 $aN/2.35 676 $aO/2.3 676 $a332.4 700 1$aArcelli,$bMario$f<1935-2004>$089327 801 0$aIT$bUNINA$gRICA$2UNIMARC 901 $aBK 912 $a990003055910403321 952 $aISVE G0.6$b9935$fDECTS 952 $aJ/5 ARC$b10800$fSES 952 $aXV M1 102$b17071*$fFGBC 952 $aVI O 35$b20603$fFSPBC 952 $aI.G. XV H'102$b17071$fDTE 952 $aXV M1 242$b11834$fDTE 959 $aDECTS 959 $aSES 959 $aFGBC 959 $aFSPBC 959 $aDTE 996 $aEconomia e politica monetaria$962823 997 $aUNINA LEADER 03001nam0 2200589 i 450 001 CFI0112076 005 20251003044122.0 020 $aIT$b89-12279 100 $a20161003d1988 ||||0itac50 ba 101 | $aita 102 $ait 181 1$6z01$ai $bxxxe 182 1$6z01$an 183 1$6z01$anc$2RDAcarrier 200 1 $aRapporto Wilson sul funzionamento del sistema finanziario del Regno Unito$fpresentazione di Arnaldo Mauri 210 $aMilano$cCariplo$d\1988! 215 $aXXVII, 528 p.$d24 cm 225 | $aCollana internazionale di saggi monetari creditizi e bancari$i. 2. ser$v1 300 $aDel Committee to review the functioning of financial institutions. 410 0$1001CFI0112079$12001 $aCollana internazionale di saggi monetari creditizi e bancari$i. 2. ser$v1 500 11$aReport. -$3CFI0112080$9CFIV069628$959056 606 $aFinanza$xGran Bretagna$2FIR$3CFIC040886$9E 606 $aBanche$xGran Bretagna$2FIR$3CFIC040887$9I 676 $a330.941$9SITUAZIONE E CONDIZIONI ECONOMICHE. ISOLE BRITANNICHE$v20 676 $a330.9410857$9SITUAZIONI E CONDIZIONI ECONOMICHE. GRAN BRETAGNA. 1970-$v19 676 $a332.0941$9ECONOMIA FINANZIARIA. ISOLE BRITANNICHE.$v21 676 $a332.1$9BANCHE E SERVIZI BANCARI$v12 676 $a332.109421$9BANCHE. Grande Londra$v23 686 $aGB/443.5$cFINANZA CREDITO MONETA GRAN BRETAGNA 1968-1989$2R 696 $aAttivitą finanziarie$aIndustria finanziaria$aEconomia finanziaria 696 $aIstituti di credito$aSistemi bancari$aBanchi $aIndustria bancaria 699 $aFinanza$zAttivitą finanziarie 699 $aFinanza$yIndustria finanziaria 699 $aFinanza$yEconomia finanziaria 699 $aBanche$yIstituti di credito 699 $aBanche$ySistemi bancari 699 $aBanche$yBanchi 699 $aBanche$yIndustria bancaria 702 1$aWilson$b, Harold$3CFIV075440 712 02$aCommittee to review the functioning of financial institutions$3CFIV069628 791 02$aGran Bretagna$b : Committee to review the functioning of financial institutions$3CFIV075442$zCommittee to review the functioning of financial institutions 801 3$aIT$bIT-000000$c20161003 850 $aIT-BN0095 $aIT-SA0060 $aIT-NA0079 $aIT-NA0095 901 $bNAP SB$cSAB-CAM $n$ 901 $bNAP 27$cSALA $n$ 901 $bNAP 01$cPOZZO LIB.$nVi sono collocati fondi di economia, periodici di ingegneria e scienze, periodici di economia e statistica e altri fondi comprendenti documenti di economia pervenuti in dono. 901 $bNAP BN$cCAU $n$ 912 $aCFI0112076 950 0$aBiblioteca Centralizzata di Ateneo$c1 v.$d 01POZZO LIB.F. ASSANTE 293$e 0101 0060016075E VMA 1 v. (Precedente collocazione A 476)$fB $h20220607$i20220607 977 $a 01$a 27$a BN$a SB 996 $aReport$959056 997 $aUNISANNIO